| 000 | 00523nam a22001817a 4500 | ||
|---|---|---|---|
| 003 | CEME | ||
| 005 | 20210628205354.0 | ||
| 008 | 210309b xxu||||| |||| 00| 0 eng d | ||
| 020 | _a0-201-53477-0 | ||
| 040 | _c. | ||
| 082 | _a621.30285 RID'A | ||
| 100 |
_aDick, Samuel Riddle, Alfred _975193 |
||
| 245 | _aApplied electronic engineering with mathematica | ||
| 260 |
_aNEWYORK _bADDISON WESLEY _c1995 |
||
| 300 | _aXV, 376P | ||
| 650 |
_aELECTRONICS DATA PROCESSING MATHEMATICA-COMPUTER FILE _975194 |
||
| 942 |
_cBK _2ddc |
||
| 999 |
_c580662 _d580662 |
||